I've lost my hippopotamus / (Record no. 3323)

MARC details
000 -LEADER
fixed length control field 00763nam a22002417a 4500
001 - CONTROL NUMBER
control field 3323
003 - CONTROL NUMBER IDENTIFIER
control field FISKH
005 - DATE AND TIME OF LATEST TRANSACTION
control field 20241217084732.0
008 - FIXED-LENGTH DATA ELEMENTS--GENERAL INFORMATION
fixed length control field 240227b cb ||||| |||| 00| 0 eng d
040 ## - CATALOGING SOURCE
Original cataloging agency FISK
Language of cataloging eng
Transcribing agency FISK
Modifying agency FISK
050 ## - LIBRARY OF CONGRESS CALL NUMBER
Classification number PS3566.R36
082 ## - DEWEY DECIMAL CLASSIFICATION NUMBER
Classification number 811.54
100 ## - MAIN ENTRY--PERSONAL NAME
Personal name Urbanogvic Jackie :
Dates associated with a name 1952
245 ## - TITLE STATEMENT
Title I've lost my hippopotamus /
Statement of responsibility, etc. Jackie Urbanovic
260 ## - PUBLICATION, DISTRIBUTION, ETC.
Place of publication, distribution, etc. New York :
Name of publisher, distributor, etc. Jackie Urbanovic,
Date of publication, distribution, etc. 2012
300 ## - PHYSICAL DESCRIPTION
Extent 143 pages :
Other physical details 24 cm :
505 ## - FORMATTED CONTENTS NOTE
Formatted contents note S <br/>
520 ## - SUMMARY, ETC.
Summary, etc. A brand-new rib-tickling collection of more than 100 never-before-published poems by national bestselling poet Prelutksy.
521 8# - TARGET AUDIENCE NOTE
Target audience note 790 <br/>
Source Lexile estimate <br/>
521 8# - TARGET AUDIENCE NOTE
Target audience note S <br/>
Source Raz-Plus <br/>
700 ## - ADDED ENTRY--PERSONAL NAME
Personal name Jackie Urbanovic
942 ## - ADDED ENTRY ELEMENTS (KOHA)
Source of classification or shelving scheme Dewey Decimal Classification
Koha item type Books
Suppress in OPAC No
Holdings
Withdrawn status Lost status Source of classification or shelving scheme Damaged status Not for loan Collection Home library Current library Shelving location Date acquired Total Checkouts Full call number Barcode Date last seen Date last checked out Copy number Price effective from Koha item type
    Dewey Decimal Classification     Fiction Footprints International School Library Network Toul Kork Campus Footprints International School Library Network Toul Kork Campus   02/27/2024 1 URB PS3566.R36 811.54 2024-0126 03/13/2025 03/13/2025 1 02/27/2024 Books